000 00984cam a2200301 i 4500
001 55998
003 Mx-PuUPA
005 20230810124517.0
008 140415s2010 mx a gr 000 0 spa d
020 _a9786071703446
040 _aMx-PuUPA
_bspa
_cMx-PuUPA
_dMx-PuUPA
_erda
041 0 _aspa
100 1 _aEmmaus, Inés,
_eautor
245 1 0 _aGrafología :
_buna guía práctica /
_cInés Emmaus, Lourdes Aragón Chacón, Alinka Zapfe Medina
250 _aSegunda edición
264 1 _aMéxico, D.F. :
_bEditorial Trillas,
_c©2010
300 _a198 páginas :
_bilustraciones ;
_c23 cm
336 _2rdacontent
_atexto
_btxt
337 _2rdamedia
_asin medio
_bn
338 _2rdacarrier
_avolumen
_bnc
545 1 _aReimpresiones: (2012).
650 7 _aGrafología
_2armarc
700 1 _aAragón Chacón, Lourdes,
_eautor
700 1 _aMedina, Alinka Zapfe,
_eautor
942 _2ddc
_cLI
_h155.282
_iE54
999 _c55998
_d55998